| 000 | 01356cam a2200361 a 4500 | ||
|---|---|---|---|
| 003 | CHAP | ||
| 005 | 20220329142531.0 | ||
| 008 | 010913d2001 mx a 00 spa d | ||
| 010 | _a84628 | ||
| 011 | _a85600 | ||
| 035 | _a96134 | ||
| 040 | _cCHAP | ||
| 100 | 0 | 0 |
_aPineda Mares, Pablo. _988159 |
| 245 | 0 | 0 |
_aRespuesta del maíz al fósforo y un mejorador de suelos en áreas yesosas de la zona media de San Luis Potosí _c/por Pablo Pineda Mares |
| 260 |
_aChapingo, Méx. : _bEl autor, _c2001. |
||
| 300 |
_a68 h. : _bilus. ; gráfs. |
||
| 500 | _aTesis (Ing. Agr. Esp. en Zonas Aridas) -- UACH. Unidad Regional Universitaria de Zonas Aridas | ||
| 590 |
_aBATCH-UPD _b10 _c20130110 _lUCH01 _h0519 |
||
| 590 |
_aBATCH-UPD _b10 _c20130110 _lUCH01 _h2154 |
||
| 590 |
_aBATCH-UPD _b10 _c20130410 _lUCH01 _h0158 |
||
| 590 |
_aBATCH-UPD _b10 _c20130410 _lUCH01 _h1613 |
||
| 590 |
_aBATCH-UPD _b10 _c20130914 _lUCH01 _h1426 |
||
| 590 |
_aCONVERSION _b10 _c20130109 _lUCH01 _h1347 |
||
| 650 | 1 | 4 |
_aFósforo _xEfecto en maíz. _942243 |
| 650 | 1 | 4 |
_aMaíz _xSan Luis Potosí. _971056 |
| 650 | 1 | 4 |
_aSuelos yesíferos. _9110580 |
| 650 | 1 | 4 |
_aSuelos _xMejoramiento. _9110431 |
| 901 | _aBK | ||
| 905 | _aLilia Sánchez G. | ||
| 942 | _cFOLL | ||
| 949 |
_aTesis _bBC _cTES _d33724000855169 _eTS2 _fc.2 _h38493 _i96134 _sb |
||
| 949 |
_aTesis _bBC _cTES _d961341 _eTS1 _h38492 _i96134 _sb |
||
| 999 |
_c84628 _d84628 |
||